Mental health care in Africa : a practical, evidence-based approach (Record no. 223907)

MARC details
000 -LEADER
fixed length control field 00324nam a2200097Ia 4500
082 ## - DEWEY DECIMAL CLASSIFICATION NUMBER
Classification number 362.196|MEN
008 - FIXED-LENGTH DATA ELEMENTS--GENERAL INFORMATION
fixed length control field 210817s9999 xx 000 0 und d
100 ## - MAIN ENTRY--PERSONAL NAME
Personal name Pienaar, Abel Jacobus Hatfield [South Africa], c.2013
9 (RLIN) 69301
245 #0 - TITLE STATEMENT
Title Mental health care in Africa : a practical, evidence-based approach
942 ## - ADDED ENTRY ELEMENTS
item type Books
Holdings
Withdrawn status Lost status Damaged status Not for loan Home library Current library Date acquired Cost, normal purchase price Total Checkouts Barcode Date last seen Price effective from item type
        Emthonjeni PL (MMID-PLEMA-EMTH) Emthonjeni PL (MMID-PLEMA-EMTH) 18.08.2021 450.00   33228021905342 18.08.2021 18.08.2021 Books